000 00319nam a2200133Ia 4500
008 240624s9999 xx 000 0 und d
041 _aeng
082 _a823 FOR
100 _aFORSYTH FREDERICK
245 _aNO COMEBACKS
260 _c2011
_aNew Delhi
_bArrow Books
300 _a318 : p. : cm. ; 17
365 _cRS
_b25
999 _c23866
_d23866